01629nam a2200349Ia 4500001001100000003000800011006001900019007001500038008004100053020002700094020002300121040002100144035002000165050002300185082001400208100003100222245027700253260005400530300001100584500009400595533015200689600005100841650003800892650002800930651004000958651003400998651004101032651003501073655002901108710001701137856012501154ebr5003646CaPaEBRm u cr cn|||||||||020515r20011848cau s s000 0aeng d z1589761189 (paperback) z1589761197 (eBook) aCaPaEBRcCaPaEBR a(OCoLC)7076619814aF864b.B815 2001eb04a979.42191 aBryant, Edwin,d1805-1869.10aWhat I saw in Californiah[electronic resource] :bbeing the journal of a tour by the emigrant route and South Pass of the Rocky Mountains, across the continent of North America, the Great Desert Basin, and through California, in the years 1846, 1847. /cby Edwin Bryant. aSanta Barbara, Calif. :bNarrative Press,cc2001. a463 p. aReprint. Originally published: New York : D. Appleton ; Philadelphia : G. Appleton, 1848. aElectronic reproduction.bPalo Alto, Calif. :cebrary,d2013.nAvailable via World Wide Web.nAccess may be limited to ebrary affiliated libraries.10aBryant, Edwin,d1805-1869xTravelzWest (U.S.) 0aOverland journeys to the Pacific. 0aBear Flag Revolt, 1846. 0aCaliforniaxDescription and travel. 0aCaliforniaxHistoryyTo 1846. 0aWest (U.S.)xDescription and travel. 0aWest (U.S.)xHistoryyTo 1848. 7aElectronic books.2local2 aebrary, Inc.40uhttp://site.ebrary.com/lib/rucke/Doc?id=5003646zAn electronic book accessible through the World Wide Web; click to view